Κεφάλαια φυσικής
Αποθηκεύτηκε σε:
| Κύριος συγγραφέας: | |
|---|---|
| Μορφή: | Βιβλίο |
| Γλώσσα: | Greek |
| Δημοσίευση: |
Θεσσαλονίκη :
Ζήτης,
c1996.
|
| Θέματα: | |
| Ετικέτες: |
Προσθήκη ετικέτας
Δεν υπάρχουν, Καταχωρήστε ετικέτα πρώτοι!
|
MARC
| LEADER | 00000cam a2200000 i 4500 | ||
|---|---|---|---|
| 001 | 1/15411 | ||
| 008 | 111005s1996 gr |||||||||| ||gre|| | ||
| 020 | |a 9604312499 | ||
| 020 | |a 9789604312498 |q (χαρτόδετο) | ||
| 035 | |l 10110975 | ||
| 040 | |a GR-MY-UA |b gre |e aacr | ||
| 041 | 0 | |a gre | |
| 082 | 0 | |a 530 |2 (22) | |
| 100 | 1 | |a Αναγνωστόπουλος, Α. | |
| 245 | 1 | 0 | |a Κεφάλαια φυσικής / |c Α. Αναγνωστόπουλος ... [κ.ά.]. |
| 260 | |a Θεσσαλονίκη : |b Ζήτης, |c c1996. | ||
| 300 | |a 402 σ. : |b διαγ., σχέδια ; |c 24 εκ. | ||
| 500 | |a Το Παράρτημα Βιβλιοθήκης Λήμνου έχει την επανέκδοση του 1998. | ||
| 650 | 0 | 0 | |a Physics. |
| 852 | |a INST |b CHIOS |e 20111005 |h 530 ΑΝΑ |p 005200034103 |q 005200034103 |t BK |y 0 | ||
| 852 | |a INST |b LEMNOS |e 20190805 |h 530 ΑΝΑ |p 005600001963 |q 005600001963 |t EDX |y 0 | ||
| 852 | |a INST |b LEMNOS |e 20190618 |h 530 ΑΝΑ |p 005600002282 |q 005600002282 |t EDX |y 0 | ||
| 852 | |a INST |b LEMNOS |c EUDOXUS |e 20130412 |h 530 ΑΝΑ |p 005600000781 |q 005600000781 |t EDX |y 0 | ||
| 852 | |a INST |b LEMNOS |c EUDOXUS |e 20130516 |h 530 ΑΝΑ |p 005600000816 |q 005600000816 |t EDX |y 0 | ||
| 852 | |a INST |b LEMNOS |c EUDOXUS |e 20140509 |h 530 ΑΝΑ |p 005600001096 |q 005600001096 |t EDX |y 0 | ||
| 901 | |a BIBL2-2011-3 | ||
| 901 | |a BIBL6-2013-1 | ||
| 901 | |a BIBL6-2014-2 | ||
| 909 | |a Χ |b 149728 | ||
| 909 | |a Μ |b 161089 | ||
| 909 | |a Μ |b 161056 | ||
| 909 | |a Μ |b 161321 | ||
| 909 | |a Χ |b 149728 | ||
| 920 | |a ΕΥΔΟΞΟΣ |b ΠΑΡΑΓΓΕΛΙΑ |y Λήμνος-ΤΕΤΔ |z 2013-02 | ||
| 920 | |a ΕΥΔΟΞΟΣ |b ΠΑΡΑΓΓΕΛΙΑ |y Λήμνος-ΤΕΤΔ |z 2013-04 | ||
| 920 | |a ΕΥΔΟΞΟΣ |b ΕΠΙΣΤΡΟΦΗ |y Λήμνος-ΤΕΤΔ |z 2014-05 | ||
| 970 | |a ΣΑΛΑΜΟΥΡΑ |b ΜΑΡΙΑ |z 2011/10/05 | ||